书目信息 |
| 题名: |
溶剂手册
|
|
| 作者: | 程能林 编著 | |
| 分册: | ||
| 出版信息: | 北京 化学工业出版社 2015.5 |
|
| 页数: | 1179页 | |
| 开本: | 27cm | |
| 丛书名: | ||
| 单 册: | ||
| 中图分类: | TQ413-62 | |
| 科图分类: | ||
| 主题词: | 溶剂--手册 | |
| 电子资源: | ||
| ISBN: | 978-7-122-22636-5 | |
| 000 | 01043nam0 2200253 450 | |
| 001 | 0400005370 | |
| 005 | 20171113092314.53 | |
| 010 | @a978-7-122-22636-5@b精装@dCNY248.00 | |
| 100 | @a20150712d2015 em y0chiy50 ea | |
| 101 | 0 | @achi |
| 102 | @aCN@b110000 | |
| 105 | @ay z 001yy | |
| 106 | @ar | |
| 200 | 1 | @a溶剂手册@Arong ji shou ce@dSolvents handbook@f程能林编著@zeng |
| 205 | @a第5版 | |
| 210 | @a北京@c化学工业出版社@d2015.5 | |
| 215 | @a1179页@d27cm | |
| 330 | @a本书分总论与各论两大部分。总论共五章,概要地介绍溶剂的概念、分类、各种性质、毒性、安全使用以及溶剂的综合利用。各论共十二章,995种溶剂按官能团分类介绍,其中包括烃类(119)、卤代烃(128)、醇类(84)、酚类(10)、醚与缩醛类(69)、酮类(41)、酸与酸酐类(24)、酯类(181)、含氮化合物(116)、含硫化合物(18)、多官能团化合物(180)以及无机化合物(25)。 | |
| 510 | 1 | @aSolvents handbook@zeng |
| 606 | 0 | @a溶剂@j手册 |
| 690 | @aTQ413-62@v5 | |
| 701 | 0 | @a程能林@Acheng neng lin@4编著 |
| 801 | 0 | @aCN@b上海新华@c20171028 |
| 905 | @b1028326-8@dTQ413-62@e8=5@f3 | |
| 溶剂手册=Solvents handbook/程能林编著.-第5版.-北京:化学工业出版社,2015.5 |
| 1179页;27cm |
| ISBN 978-7-122-22636-5(精装):CNY248.00 |
| 本书分总论与各论两大部分。总论共五章,概要地介绍溶剂的概念、分类、各种性质、毒性、安全使用以及溶剂的综合利用。各论共十二章,995种溶剂按官能团分类介绍,其中包括烃类(119)、卤代烃(128)、醇类(84)、酚类(10)、醚与缩醛类(69)、酮类(41)、酸与酸酐类(24)、酯类(181)、含氮化合物(116)、含硫化合物(18)、多官能团化合物(180)以及无机化合物(25)。 |
| ● |
| 相关链接 |
|
|
|
|
正题名:溶剂手册
索取号:TQ413-62/8=5
 
预约/预借
| 序号 | 登录号 | 条形码 | 馆藏地/架位号 | 状态 | 备注 |
| 1 | 1028326 | 210283263 | 第二样本阅览室/ [索取号:TQ413-62/8=5] | 在馆 | |
| 2 | 1028327 | 210283272 | 第三借阅区/ [索取号:TQ413-62/8=5] | 在馆 | |
| 3 | 1028328 | 210283281 | 化学系资料室/ [索取号:TQ413-62/8=5] | 在馆 |